Essays on international politics foreign and domestic affairs
Guardat en:
| Autor principal: | |
|---|---|
| Format: | Llibre |
| Idioma: | anglès |
| Publicat: |
Macmillan
|
| Etiquetes: |
Afegir etiqueta
Sense etiquetes, Sigues el primer a etiquetar aquest registre!
|
MARC
| LEADER | 00000nam a22000007a 4500 | ||
|---|---|---|---|
| 008 | 210408b ||||| |||| 00| 0 eng d | ||
| 020 | |a 978-018-327-2 | ||
| 100 | |a AKINYEMI, Bolaji | ||
| 245 | |a Essays on international politics |b foreign and domestic affairs |c Bolaji Akinyemi |g xv, 413p. | ||
| 260 | |b Macmillan |d 2002 |h Lagos |i 691923 |l DT30.5 .Ak5 |m Organization of African Unity |m Africa – Foreign relations – 1960- |m Nigeria – Foreign relations | ||
| 500 | |a “It includes index” | ||
| 942 | |a lcc |c BK |e ADEKANYE, I. H. |f 08/04/2021 | ||
| 952 | |0 0 |1 0 |2 lcc |4 0 |6 DT00305 A K5 |7 0 |9 2073 |a HOL |b HOL |c AF |d 2021-04-08 |l 0 |o DT30.5 .Ak5 |p 2021-5930 |r 2021-04-08 00:00:00 |w 2021-04-08 |y BK | ||
| 999 | |c 1078 |d 1078 | ||